| 000 | 01354nam a2200349Ia 4500 | ||
|---|---|---|---|
| 001 | ebr10135620 | ||
| 003 | CaPaEBR | ||
| 006 | m u | ||
| 007 | cr cn||||||||| | ||
| 008 | 060502s2006 nyu sb 001 0 eng d | ||
| 010 | _z 2006044812 | ||
| 020 | _z1403983313 | ||
| 020 | _z1403971706 (alk. paper) | ||
| 020 | _z9781403971708 | ||
| 040 |
_aCaPaEBR _cCaPaEBR |
||
| 035 | _a(OCoLC)560467055 | ||
| 050 | 1 | 4 |
_aHV8138 _b.U535 2006eb |
| 245 | 0 | 0 |
_aUniform behavior _h[electronic resource] : _bpolice localism and national politics / _cedited by Stacy K. McGoldrick and Andrea McArdle. |
| 250 | _a1st ed. | ||
| 260 |
_aNew York : _bPalgrave Macmillan, _c2006. |
||
| 300 | _avi, 264 p. | ||
| 504 | _aIncludes bibliographical references and index. | ||
| 533 |
_aElectronic reproduction. _bPalo Alto, Calif. : _cebrary, _d2009. _nAvailable via World Wide Web. _nAccess may be limited to ebrary affiliated libraries. |
||
| 650 | 0 |
_aPolice _zUnited States. |
|
| 650 | 0 |
_aPolice _xPolitical aspects _zUnited States. |
|
| 650 | 0 |
_aPolice subculture _zUnited States. |
|
| 655 | 7 |
_aElectronic books. _2local |
|
| 700 | 1 | _aMcGoldrick, Stacy K. | |
| 700 | 1 |
_aMcArdle, Andrea, _d1953- |
|
| 710 | 2 | _aebrary, Inc. | |
| 856 | 4 | 0 |
_uhttp://site.ebrary.com/lib/rucke/Doc?id=10135620 _zAn electronic book accessible through the World Wide Web; click to view |
| 999 |
_c87538 _d87538 |
||